00793nam a22002177a 450000500170000001000150001702000230003202000260005503500130008103700180009408200130011210000140012524500820013926000450022127000660026630000230033250000500035594200270040599900170043295201260044920151023120807.0 aENG-114007 c895.00a0199453292 c895.00a9780199453290 aEN-97539 bDBAD/PUBadpl a323.0954 aDas, S.K. aMaking the poor free? :cby S.K. DasbIndia 's unique identification number / aNew DelhibOxford University Pressc2015 aYMCA Library Building, 1, Jai Singh Road, bNew Delhie110001 axx,330p.c23cm(Hb) aIncludes bibliographical references and index 2ddccENmDASh323.0954 c96673d96673 001040718NFICaDBADbDBADd2015-09-08eDBAD/PUBg895.00l0o323.0954 DASpEN-97539r2015-09-08 00:00:00t1v895.00yEN